Anuvad vigyan aur sampreshan (Record no. 116768)
[ view plain ]
| 000 -LEADER | |
|---|---|
| fixed length control field | 00786nam a2200289Ia 4500 |
| 003 - CONTROL NUMBER IDENTIFIER | |
| control field | OSt |
| 005 - DATE AND TIME OF LATEST TRANSACTION | |
| control field | 20260218123205.0 |
| 008 - FIXED-LENGTH DATA ELEMENTS--GENERAL INFORMATION | |
| fixed length control field | 210210b2006 xxu||||| |||| 00| 0 eng d |
| 020 ## - INTERNATIONAL STANDARD BOOK NUMBER | |
| International Standard Book Number | 8179650979 |
| 040 ## - CATALOGING SOURCE | |
| Transcribing agency | AL |
| 041 ## - LANGUAGE CODE | |
| Language code of text/sound track or separate title | Hindi |
| 082 ## - DEWEY DECIMAL CLASSIFICATION NUMBER | |
| Classification number | H491.802 HARA |
| 100 ## - MAIN ENTRY--PERSONAL NAME | |
| Personal name | HARIMOHAN |
| Dates associated with a name | हरिमोहन |
| 9 (RLIN) | 166745 |
| 245 ## - TITLE STATEMENT | |
| Title | Anuvad vigyan aur sampreshan |
| Remainder of title | अनुवाद विज्ञान और सम्प्रेषण |
| 250 ## - EDITION STATEMENT | |
| Edition statement | 2 |
| 260 ## - PUBLICATION, DISTRIBUTION, ETC. | |
| Place of publication, distribution, etc. | Nai Dilli |
| Name of publisher, distributor, etc. | Takshila Prakashan |
| Date of publication, distribution, etc. | 2006 |
| 300 ## - PHYSICAL DESCRIPTION | |
| Extent | 112 |
| 650 ## - SUBJECT ADDED ENTRY--TOPICAL TERM | |
| Topical term or geographic name entry element | vigyan |
| 9 (RLIN) | 166746 |
| 650 ## - SUBJECT ADDED ENTRY--TOPICAL TERM | |
| Topical term or geographic name entry element | sampreshan |
| 9 (RLIN) | 166747 |
| 650 ## - SUBJECT ADDED ENTRY--TOPICAL TERM | |
| Topical term or geographic name entry element | Ed |
| 9 (RLIN) | 166748 |
| 650 ## - SUBJECT ADDED ENTRY--TOPICAL TERM | |
| Topical term or geographic name entry element | aur |
| 9 (RLIN) | 166749 |
| 650 ## - SUBJECT ADDED ENTRY--TOPICAL TERM | |
| Topical term or geographic name entry element | Anuvad |
| 9 (RLIN) | 166750 |
| 650 ## - SUBJECT ADDED ENTRY--TOPICAL TERM | |
| Topical term or geographic name entry element | 2 |
| 9 (RLIN) | 166751 |
| 690 ## - LOCAL SUBJECT ADDED ENTRY--TOPICAL TERM (OCLC, RLIN) | |
| Topical term or geographic name as entry element | Hindi Language |
| 9 (RLIN) | 166752 |
| 906 ## - LOCAL DATA ELEMENT F, LDF (RLIN) | |
| a | 062080 |
| 942 ## - ADDED ENTRY ELEMENTS (KOHA) | |
| Source of classification or shelving scheme | Dewey Decimal Classification |
| Koha item type | Book |
| Withdrawn status | Lost status | Source of classification or shelving scheme | Damaged status | Not for loan | Collection code | Home library | Current library | Shelving location | Date acquired | Cost, normal purchase price | Total Checkouts | Full call number | Barcode | Date last seen | Price effective from | Koha item type | Source of acquisition |
|---|---|---|---|---|---|---|---|---|---|---|---|---|---|---|---|---|---|
| Dewey Decimal Classification | Hindi | St Aloysius Library | St Aloysius Library | 02/17/2021 | 75.00 | H491.802 HARA | 054739 | 02/17/2021 | 02/17/2021 | Book | |||||||
| Dewey Decimal Classification | Hindi | St Aloysius Library | St Aloysius Library | 02/17/2021 | 150.00 | H491.802 HARA | 062080 | 02/17/2021 | 02/17/2021 | Book | Alka Prakashan Kanpur-208007 |